Creation of hardware and x-ray protection for tomograph TOLMI 150-10; Неразрушающий контроль: электронное приборостроение, технологии, безопасность; Т. 2

Bibliografiske detaljer
Parent link:Неразрушающий контроль: электронное приборостроение, технологии, безопасность: сборник трудов V Всероссийской научно-практической конференции студентов, аспирантов и молодых учёных, Томск, 25-29 мая 2015 г./ Национальный исследовательский Томский политехнический университет (ТПУ).— , 2015
Т. 2.— 2015.— [С. 406-410]
Hovedforfatter: Golotsevich Y. A.
Corporate Authors: Национальный исследовательский Томский политехнический университет (ТПУ) Институт неразрушающего контроля (ИНК) Лаборатория № 40 (Технической томографии и интроскопии) (Лаборатория № 40), Национальный исследовательский Томский политехнический университет (ТПУ) Институт неразрушающего контроля (ИНК) Кафедра физических методов и приборов контроля качества (ФМПК)
Andre forfattere: Izhenbin I. A. Igor Andreevich (научный руководитель), Kapranov B. I. Boris Ivanovich, Kalinichenko A. N. Aleksey Nikolaevich
Summary:Заглавие с титульного экрана
Sprog:engelsk
Udgivet: 2015
Serier:Electrical Engineering and Non-Destructive Testing
Fag:
Online adgang:http://earchive.tpu.ru/handle/11683/23660
http://www.lib.tpu.ru/fulltext/c/2015/C36/V2/115.pdf
Format: MixedMaterials Electronisk Book Chapter
KOHA link:https://koha.lib.tpu.ru/cgi-bin/koha/opac-detail.pl?biblionumber=614394

MARC

LEADER 00000naa2a2200000 4500
001 614394
005 20231225172122.0
035 |a (RuTPU)RU\TPU\conf\12564 
090 |a 614394 
100 |a 20150924d2015 k y0rusy50 ba 
101 0 |a eng 
102 |a RU 
105 |a y z 101zy 
135 |a drcn ---uucaa 
181 0 |a i  
182 0 |a b 
200 1 |a Creation of hardware and x-ray protection for tomograph TOLMI 150-10  |f Y. A. Golotsevich, I. A. Izhenbin  |g sci. adv. B. I. Kapranov, A. N. Kalinichenko 
203 |a Text  |c electronic 
225 1 |a Electrical Engineering and Non-Destructive Testing 
300 |a Заглавие с титульного экрана 
320 |a [Библиогр.: с. 410 (1 назв.)] 
337 |a Adobe Reader 
461 1 |0 (RuTPU)RU\TPU\conf\12353  |t Неразрушающий контроль: электронное приборостроение, технологии, безопасность  |o сборник трудов V Всероссийской научно-практической конференции студентов, аспирантов и молодых учёных, Томск, 25-29 мая 2015 г.  |o в 2 т.  |f Национальный исследовательский Томский политехнический университет (ТПУ)  |d 2015 
463 1 |0 (RuTPU)RU\TPU\conf\12355  |t Т. 2  |v [С. 406-410]  |d 2015 
610 1 |a труды учёных ТПУ 
610 1 |a электронный ресурс 
610 1 |a томографы 
610 1 |a дефекты 
610 1 |a рентгеновская томография 
700 1 |a Golotsevich  |b Y. A. 
701 1 |a Izhenbin  |b I. A.  |c specialist in the field of non-destructive testing  |c technician of Tomsk Polytechnic University  |f 1993-  |g Igor Andreevich  |3 (RuTPU)RU\TPU\pers\35229 
702 1 |a Kapranov  |b B. I.  |c Russian scientist in the field of physical methods and devices of quality control  |c Professor of Tomsk Polytechnic University, doctor of technical Sciences  |f 1941-  |g Boris Ivanovich  |4 727 
702 1 |a Kalinichenko  |b A. N.  |c specialist in the field of descriptive geometry  |c Associate Professor of Tomsk Polytechnic University, Candidate of technical sciences  |f 1981-  |g Aleksey Nikolaevich  |4 727  |9 15248 
712 0 2 |a Национальный исследовательский Томский политехнический университет (ТПУ)  |b Институт неразрушающего контроля (ИНК)  |b Лаборатория № 40 (Технической томографии и интроскопии) (Лаборатория № 40)  |3 (RuTPU)RU\TPU\col\20619 
712 0 2 |a Национальный исследовательский Томский политехнический университет (ТПУ)  |b Институт неразрушающего контроля (ИНК)  |b Кафедра физических методов и приборов контроля качества (ФМПК)  |3 (RuTPU)RU\TPU\col\18709 
801 2 |a RU  |b 63413507  |c 20210209  |g RCR 
856 4 |u http://earchive.tpu.ru/handle/11683/23660 
856 4 |u http://www.lib.tpu.ru/fulltext/c/2015/C36/V2/115.pdf 
942 |c BK